A sociology of humankind : (Record no. 43745)

MARC details
001 - CONTROL NUMBER
control field 23357228
003 - CONTROL NUMBER IDENTIFIER
control field 000
005 - DATE AND TIME OF LATEST TRANSACTION
control field 20251013153920.0
008 - FIXED-LENGTH DATA ELEMENTS--GENERAL INFORMATION
fixed length control field 231020s2024 enk b 001 0 eng
010 ## - LIBRARY OF CONGRESS CONTROL NUMBER
LC control number 2023044651
020 ## - INTERNATIONAL STANDARD BOOK NUMBER
International Standard Book Number 9781032608679
035 ## - SYSTEM CONTROL NUMBER
System control number 23357228
040 ## - CATALOGING SOURCE
Original cataloging agency DLC
Language of cataloging eng
Description conventions rda
Transcribing agency DLC
Modifying agency DLC
042 ## - AUTHENTICATION CODE
Authentication code pcc
050 00 - LIBRARY OF CONGRESS CALL NUMBER
Classification number HM 585 .B78
082 00 - DEWEY DECIMAL CLASSIFICATION NUMBER
Classification number 301
Edition number 23/eng/20240205
100 1# - MAIN ENTRY--PERSONAL NAME
Personal name Bruggeman, Jeroen,
Relator term author.
245 12 - TITLE STATEMENT
Title A sociology of humankind :
Remainder of title how we are formed by culture, cooperation, and conflict /
Statement of responsibility, etc Jeroen Bruggeman.
263 ## - PROJECTED PUBLICATION DATE
Projected publication date 2404
264 #1 - PUBLICATION, DISTRIBUTION, ETC. (IMPRINT)
Place of publication, distribution, etc Abingdon, Oxon ;
-- New York, NY :
Name of publisher, distributor, etc Routledge,
Date of publication, distribution, etc 2024.
300 ## - PHYSICAL DESCRIPTION
Extent ix, 228p. ill.
336 ## - CONTENT TYPE
Content type term text
Content type code txt
Source rdacontent
337 ## - MEDIA TYPE
Media type term unmediated
Media type code n
Source rdamedia
338 ## - CARRIER TYPE
Carrier type term volume
Carrier type code nc
Source rdacarrier
490 0# - SERIES STATEMENT
Series statement Routledge advances in sociology
504 ## - BIBLIOGRAPHY, ETC. NOTE
Bibliography, etc Includes bibliographical references and index.
520 ## - SUMMARY, ETC.
Summary, etc "Based upon the interdependencies of human beings as we cooperate and conflict with each other, how we share information, and how culture evolves, this book proposes a sociology of humanity covering three hundred millennia. Grounded in empirical findings from archaeology, history, lab-experiments and field studies - supplemented for precision with computational network models of cultural evolution, cooperation, influence, cohesion, warfare, power, social balance and inequality - this is the first attempt at an encompassing sociology of humankind. Informed by the the theory of cultural evolution, it extends the notion that cultural evolution connects all humans of all times in a giant sociocultural network, thereby yielding coherence between a great many empirical findings. It will therefore appeal to scholars of sociology and anthropology with interests in historical sociology, cultural evolution and social theory"--
Assigning source Provided by publisher.
650 #0 - SUBJECT ADDED ENTRY--TOPICAL TERM
Topical term or geographic name as entry element Sociology.
650 #0 - SUBJECT ADDED ENTRY--TOPICAL TERM
Topical term or geographic name as entry element Social evolution.
906 ## - LOCAL DATA ELEMENT F, LDF (RLIN)
a 7
b cbc
c orignew
d 1
e ecip
f 20
g y-gencatlg
942 ## - ADDED ENTRY ELEMENTS (KOHA)
Source of classification or shelving scheme Library of Congress Classification
Koha item type Books
Holdings
Withdrawn status Lost status Source of classification or shelving scheme Damaged status Not for loan Permanent Location Current Location Date acquired Total Checkouts Full call number Barcode Date last seen Price effective from Koha item type
    Library of Congress Classification     NILE UNIVERSITY OF NIGERIA - MAIN LIBRARY NILE UNIVERSITY OF NIGERIA - MAIN LIBRARY 10/13/2025   HM 585 .B78 2024 0199124 10/13/2025 10/13/2025 Books
    Library of Congress Classification     NILE UNIVERSITY OF NIGERIA - MAIN LIBRARY NILE UNIVERSITY OF NIGERIA - MAIN LIBRARY 10/13/2025   HM 585 .B78 2024 0199123 10/13/2025 10/13/2025 Books